000 01282nam a2200337Ia 4500
001 ebr10660306
003 CaPaEBR
006 m u
007 cr cn|||||||||
008 080527s2009 nyua sb 001 0 eng d
010 _z 2008023112
020 _z1604565691 (hardcover)
020 _z9781604565690 (hardcover)
020 _z9781608764389 (ebook)
040 _aCaPaEBR
_cCaPaEBR
035 _a(OCoLC)839301739
050 1 4 _aT174.7
_b.N37532 2009eb
082 0 4 _a620/.5
_222
245 0 0 _aNanotechnology research progress
_h[electronic resource] /
_cJulian F. Vogel and Felix T. Jung, editors.
260 _aNew York :
_bNova Science Publishers,
_cc2009.
300 _axi, 358 p. :
_bill. (some col.)
504 _aIncludes bibliographical references and index.
533 _aElectronic reproduction.
_bPalo Alto, Calif. :
_cebrary,
_d2013.
_nAvailable via World Wide Web.
_nAccess may be limited to ebrary affiliated libraries.
650 0 _aNanotechnology.
650 0 _aHigh technology.
655 7 _aElectronic books.
_2local
700 1 _aJung, Felix T.
700 1 _aVogel, Julian F.
710 2 _aebrary, Inc.
856 4 0 _uhttp://site.ebrary.com/lib/rucke/Doc?id=10660306
_zAn electronic book accessible through the World Wide Web; click to view
999 _c66691
_d66691